书目信息 |
| 题名: |
世界文化之谜
|
|
| 作者: | 施宣圆 , 李春元 主编 | |
| 分册: | ||
| 出版信息: | 上海 文汇出版社 2002.1 |
|
| 页数: | 412页 | |
| 开本: | 20cm | |
| 丛书名: | ||
| 单 册: | ||
| 中图分类: | G11-49 | |
| 科图分类: | ||
| 主题词: | 文化事业--世界 | |
| 电子资源: | ||
| ISBN: | 7-80676-048-2 | |
| 000 | 00611nam0 2200205 45 | |
| 001 | 0336154222 | |
| 005 | 2003050510023423 | |
| 010 | @a7-80676-048-2@dRMB 22.00 | |
| 100 | @a20030505d2002 km y0chiy0120 ea | |
| 101 | 0 | @achi |
| 102 | @aCN@b310000 | |
| 200 | 1 | @a世界文化之谜@Ashi jie wen hua zhi mi@f施宣圆,李春元主编@Fshi xuan yuan,li chun yuan zhu bian |
| 210 | @a上海@c文汇出版社@d2002.1 | |
| 215 | @a412页@d20cm | |
| 606 | 0 | @a文化事业@x世界 |
| 690 | @aG11-49@v4 | |
| 701 | 0 | @a施宣圆@Ashi xuan yuan@4主编 |
| 701 | 0 | @a李春元@Ali chun yuan@4主编 |
| 801 | 0 | @aCN@bPFT@c20030505 |
| 905 | @a10447@dG11-49@eS500 | |
| 世界文化之谜/施宣圆,李春元主编.-上海:文汇出版社,2002.1 |
| 412页;20cm |
| ISBN 7-80676-048-2:RMB 22.00 |
| ● |
| 相关链接 |
|
|
|
正题名:世界文化之谜
索取号:G11-49/S500
 
预约/预借
| 序号 | 登录号 | 条形码 | 馆藏地/架位号 | 状态 | 备注 |
| 1 | 366848 | 203668487 | 社科库409/409社科库 55排7列2层/ [索取号:G11-49/S500] | 在馆 | |
| 2 | 366849 | 203668496 | 社科库409/409社科库 55排7列2层/ [索取号:G11-49/S500] | 在馆 |